00825nam a22002417a 4500003000400000005001700004008004100021020001800062040000800080041001200088082001100100100003400111245005400145250001000199260005400209300002800263490003700291500006300328650002100391942002300412952013300435999001500568OSt20251222083033.0251222b |||||||| |||| 00| 0 eng d a9788120832800 cDCL aEnglish a294.351 aKalupahana, David J.,d 1933-00aEthics in early Buddhism / cDavid J. Kalupahana. a  aHonolulu :bUniversity of Hawaiʻi Press,cc1995. aix,171 pages : c22 cm. aThe Wheel Publication ;vno. 14. aIncludes bibliographical references (p. 163-166) and index aEthicsxBuddhism 2ddccSHORT TERMn0 00102ddc40708EaDHAMbDHAMcENBSd2025-12-22l0o294.35 Ka 658pEB00000658r2025-12-22 08:31:11w2025-12-22ySHORT TERMA658 c2775d2775